US cities by flag - Statistics

General Stats
  • This quiz has been taken 22 times
  • The average score is 14 of 20
Answer Stats
Picture Answer % Correct
Chicago
95%
Denver
95%
New York City
95%
Phoenix
89%
Portland
89%
Indianapolis
84%
Kansas City
79%
Pittsburgh
79%
San Antonio
74%
Des Moines
68%
Salt Lake City
68%
Tulsa
63%
Buffalo
58%
Reno
58%
Sioux Falls
58%
Lincoln
53%
Madison
53%
Annapolis
37%
Durham
37%
Knoxville
37%
No matching quizzes found
Score Distribution
Percent of People with Each Score
Percentile by Number Answered
Your Score History
You have not taken this quiz